[Event "TUR-chT 2nd League"]
[Site "Konya"]
[Date "2017.07.20"]
[Round "5.15"]
[White "Basgonul, Bekir Serkan"]
[Black "Sekerci, Erdogan"]
[Result "1-0"]
[WhiteElo "1807"]
[BlackElo "1727"]
[PlyCount "65"]
[EventDate "2017.07.17"]
[EventType "team-swiss"]
[EventRounds "9"]
[EventCountry "TUR"]
[SourceTitle "CBM 179 Extra"]
[Source "ChessBase"]
[SourceDate "2017.08.23"]
[SourceVersion "1"]
[SourceVersionDate "2017.08.23"]
[SourceQuality "1"]
[WhiteTeam "Adamlari Amator"]
[BlackTeam "Corum Belediye"]
[WhiteTeamCountry "TUR"]
[BlackTeamCountry "TUR"]

1. Nf3 Nf6 2. c4 c5 3. Nc3 Nc6 4. g3 d6 5. Bg2 e5 6. 0-0 Be7 7. Ne1 Be6 8. Nd5 0-0 9. Nc2 Bxd5 10. cxd5 Nd4 11. Na3 a6 12. e3 Nb5 13. Nc4 Na7 14. d4 exd4 15. exd4 b5 16. Ne3 c4 17. Re1 g6 18. Bd2 Re8 19. Qf3 Bf8 20. g4 Bg7 21. Nc2 Nd7 22. Rxe8+ Qxe8 23. Re1 Qd8 24. Qa3 Nc8 25. Nb4 Bxd4 26. Nc6 Qb6 27. Re8+ Nf8 28. Bh6 Bg7 29. Bxg7 Kxg7 30. Qc3+ f6 31. g5 Nd7 32. Qh3 h5 33. Qxd7+ 1-0